000
00263nmm a2200097Ia 4500
008
220120s9999||||xx |||||||||||||||||und||
020
_a
81-7808-835-5
100
_a
Hayt, William, H
245
0
_a
Engineering electromagnetics
260
_a
Tat mcgraw hill
_b
Delhi
_c
2010
999
_c
139521
_d
139521